Französische Sprache: Welcher Akzent ist der richtige? - Statistiken

Allgemein
  • Dieses Quiz wurde 122 mal gespielt
  • Das Durchschnittsergebnis liegt bei 9 aus 12
Antwortstatistiken
Frage Antwort % Korrekt
August août
93%
französisch français
93%
Wie geht's? Ça va?
89%
Schwester sœur
89%
bekannte Automarke Citroën
87%
Pfannkuchen crêpe
87%
schon déjà
84%
Auto voiture
84%
Sommer été
80%
Wiederholung répétition
69%
Theater théâtre
49%
Boot bateau
42%
Keine übereinstimmenden Quizze gefunden
Verteilung der Resultate
Anzahl Personen mit jedem Resultat
Perzentil nach korrekt beantworteten Fragen
Ihre Resultats-Entwicklung
Sie haben dieses Quiz noch nicht gespielt